=LDR 00000nam 2200000 4500 =001 INLIS000000000030752 =005 20200416105808 =035 ##$$a 0010-061300000030752 =008 200416################g##########0#ind## =041 ##$$a Ind =082 ##$$a 2x3.6 =090 ##$$a 2x3.6, Elb t =100 ##$$a Elbansity, Mualimin =245 1#$$a Tuntunan hidup kaya dengan jalan Allah : $b Sikap dan perilaku hidup yang memudahkan jalan rezeki anda, /$c Mualimin El Bansiry ; penyunting, Wildan =260 ##$$a Yogyakarta :$b Luna Publisher,$c 2009 =300 ##$$a 135 hlm. ; $c 20 x 14 cm. =650 #4$$a Islam - Sikap dan Perilaku =850 ##$$a NBPNMAT =020 ##$$a 979-19159-9-7 =084 ##$$a 2x3.6 ELB t =250 ##$$a cet. 1 =700 #$$a Wildan =990 ##$$a 20901971 =990 ##$$a 20901972